00809nam a2200181 a 450000100100000000500170001000800410002704000250006824500310009326000980012430000240022250400280024604900090027495201110028395201050039495201110049999900170061000002674120200930030402.0110325s2003 dr a 000 0 spa d aDO-SdBNPbspacBNPHU00aManual de microbiología. aSanto Domingo, :bEscuela de Microbiología y ParacitologíabEditora Universitaria,c2003. a126 p. :bil. graf. aBibliografía : p. 127 aBNPD 0010718DSaGRbGRcCTd2011-03-25iLF1l0o p26741-30r2020-06-25te. 3w2020-06-25yLFDSZNo se presta 0010718PDaPDbPDcCTd2011-03-25iLF1l0o p26741-10r2020-06-25w2020-06-25yLFPDZNo se presta 0010718PDaPDbPDcCTd2011-03-25iLF1l0o p26741-20r2020-06-25te. 2w2020-06-25yLFPDZNo se presta c26233d26233